Top 30 Länder nach Einwohner - Statistiken

Allgemein
  • Dieses Quiz wurde 47 mal gespielt
  • Das Durchschnittsergebnis liegt bei 24 aus 30
Antwortstatistiken
Anzahl Einwohner (2022) Länder % Korrekt
1'436'600'000 China
100%
83'300'000 Deutschland
100%
1'417'200'000 Indien
100%
214'800'000 Brasilien
98%
332'800'000 Vereinigte Staaten
98%
275'500'000 Indonesien
95%
65'800'000 Frankreich
93%
127'500'000 Mexiko
93%
144'300'000 Russland
93%
235'800'000 Pakistan
90%
58'900'000 Italien
88%
218'500'000 Nigeria
88%
47'400'000 Spanien
88%
103'500'000 Ägypten
85%
99'000'000 Demokratische Republik Kongo
85%
66'800'000 Thailand
85%
124'900'000 Japan
83%
171'200'000 Bangladesch
80%
67'600'000 Grossbritannien
80%
60'600'000 Südafrika
80%
85'200'000 Türkei
78%
51'600'000 Südkorea
73%
115'600'000 Philippinen
70%
88'600'000 Iran
68%
99'400'000 Vietnam
65%
49'100'000 Kolumbien
63%
123'400'000 Äthiopien
55%
54'000'000 Kenia
50%
65'500'000 Tansania
45%
54'200'000 Myanmar
40%
Keine übereinstimmenden Quizze gefunden
Verteilung der Resultate
Anzahl Personen mit jedem Resultat
Perzentil nach korrekt beantworteten Fragen
Ihre Resultats-Entwicklung
Sie haben dieses Quiz noch nicht gespielt